| 000 | 01953cam a2200433 a 4500 | ||
|---|---|---|---|
| 001 | EDZ0000116348 | ||
| 003 | StDuBDS | ||
| 005 | 20161031105117.0 | ||
| 006 | m||||||||d|||||||| | ||
| 007 | cr ||||||||||| | ||
| 008 | 130111s2005 enka fo| 000|0|eng d | ||
| 020 |
_a9781446261361 (ebook) : _cNo price |
||
| 040 |
_aStDuBDS _beng _cStDuBDS _epn |
||
| 049 | _aAlfaisal Main Library | ||
| 050 | 0 |
_aBF713.5 _b.D475 2005 |
|
| 082 | 0 | 4 |
_a155 _223 |
| 245 | 0 | 0 |
_aDevelopmental psychology. _n1, _pperceptual and cognitive development _h[electronic resource] / _cedited by J. Gavin Bremner and Charlie Lewis. |
| 246 | 3 | 0 | _aPerceptual and cognitive development |
| 260 |
_aLondon : _bSAGE, _c2005. |
||
| 300 |
_a1 online resource (3 v. (various pagings)) : _bill. |
||
| 490 | 1 | _aSAGE benchmarks in psychology | |
| 505 | 0 | _av. 1. Theoretical perspectives on perception and cognition. v. 2. -- Infant perceptual and cognitive development. v. 3. -- Perceptual and cognitive development in children. | |
| 520 | 8 | _aThis three-volume collection provides a comprehensive and up-to-date synthesis of the most significant publications in the field of developmental psychology. | |
| 521 | _aSpecialized. | ||
| 588 | _aDescription based on print version record. | ||
| 504 | _aIncludes bibliographical references. | ||
| 650 | 0 | _aDevelopmental psychology. | |
| 655 | 7 |
_aElectronic books. _2local |
|
| 700 | 1 |
_aBremner, J. Gavin, _d1949- |
|
| 700 | 1 | _aLewis, Charlie. | |
| 710 | 2 | _aSage eBooks | |
| 740 | 0 | 2 | _aTheoretical perspectives on perception and cognition. |
| 740 | 0 | 2 | _aInfant perception and cognitive development. |
| 740 | 0 | 2 | _aPerceptual and cognitive development in childhood. |
| 776 | 0 | 8 |
_iPrint version : _z9781412902304 |
| 830 | 0 | _aSAGE benchmarks in psychology. | |
| 856 | 4 | 0 | _uhttp://ezproxy.alfaisal.edu/login?url=http://sk.sagepub.com/navigator/developmental-psychology-i-perceptual-and-cognitive-development |
| 942 |
_2lcc _cEBOOKS |
||
| 999 |
_c479511 _d479511 |
||